000 00689cam a2200193 4500
001 ABS60851
008 000000n1999 000 0 eng u
035 _a(Sirsi) u101361
100 _aAldridge, T.
245 _aPresumption prevails.
260 _c1999
490 _aSolicitors' Journal
_v143(24) 18 June 1999, 580(1)
520 _aDiscusses the case "Alan Wibberley Building Ltd v Insley" which concerned the hedge and ditch presumption, as well as other cases on the same topic such as "Fisher v Winch".
650 _aHEDGE AND DITCH PRESUMPTION
650 _aBoundary disputes
_96221
650 _aBoundary disputes
_96221
690 _aPROPERTY LAW AND PRACTICE
942 _n0
999 _c60506
_d60506